00554nam a22001937a 450000500170000001000150001702000260003203500140005803700130007208200170008510000220010224500620012426000400018627000530022630000200027970000220029970000170032170000220033820231212114648.0 aENG-138105 a9789390434619c795.00 aEN-121637 bDBAD/PUB a746.14095456 aMitra, Saptarshi  aTraditinal Tribal Weaving Of TRIPURA/cBy Saptarshi Mitra aAssambEBH Publishers (India)c2021 a136, M.L. Nehru Road, PanbazarbGuhawatie781001 a109pc24cm(hbk) aRantumoni Sharma  aNamita Nath  aMohan East Kalita